[Event "SVK Extraliga 2018/2019"]
[Site "Bratislava"]
[Date "2018.12.08"]
[Round "3.7"]
[White "Petran, Peter"]
[Black "Bury, Rastislav"]
[Result "1-0"]
[WhiteElo "2252"]
[BlackElo "2137"]
[PlyCount "141"]
[EventDate "2018.??.??"]

1. g3 Nf6 2. Bg2 d5 3. Nf3 e6 4. O-O Be7 5. c4 O-O 6. b3 b6 7. Bb2 Bb7 8. d4
Nbd7 9. cxd5 exd5 10. Nc3 Re8 11. e3 Ba6 12. Re1 Bd6 13. Nh4 Bb7 14. Rc1 a6 15.
a3 Rc8 16. b4 Bf8 17. Qb3 c6 18. a4 b5 19. a5 Qe7 20. Ba3 Qe6 21. Nf3 Qf5 22.
Nh4 Qe6 23. Qc2 Ne4 24. Nf3 Nxc3 25. Qxc3 Bd6 26. Nd2 Nf6 27. f3 h5 28. Nb3 Nd7
29. e4 dxe4 30. fxe4 Be7 31. Bb2 Bf6 32. Qf3 Be7 33. Nc5 Nxc5 34. bxc5 Qa2 35.
Re2 Qxa5 36. Rf2 Rf8 37. Qxh5 Qd8 38. Rcf1 g6 39. Qf3 Rc7 40. Qc3 f6 41. Qd2
Kg7 42. Bc3 Qd7 43. Kh1 Rcc8 44. Qb2 Qe6 45. h4 Rb8 46. Kh2 b4 47. Qxb4 Ba8 48.
Qa5 Qc4 49. Qa1 Rb3 50. Rc1 Qd3 51. Rf3 Qe2 52. Rcf1 Rbb8 53. R1f2 Qc4 54. Qa2
Qxa2 55. Rxa2 Bb7 56. Rb2 Ba8 57. Rff2 Rfc8 58. Bf1 Rb5 59. Bxb5 axb5 60. Ra2
Bb7 61. Ra7 Rc7 62. Bb4 Rd7 63. d5 Bc8 64. Rfa2 Kf7 65. Rxd7 Bxd7 66. Ra7 Ke8
67. d6 Bf8 68. Kg2 Bh6 69. Kf2 Bc1 70. Bc3 f5 71. e5 1-0

[Event "SVK Extraliga 2018/2019"]
[Site "Bratislava"]
[Date "2018.12.08"]
[Round "3.8"]
[White "Gasa, Patrik"]
[Black "Jancovic, Peter"]
[Result "1/2-1/2"]
[WhiteElo "2176"]
[BlackElo "2286"]
[PlyCount "90"]
[EventDate "2018.??.??"]

1. d4 Nf6 2. c4 e6 3. Nf3 b6 4. g3 Bb7 5. Bg2 Bb4+ 6. Bd2 Be7 7. O-O O-O 8. Nc3
c5 9. d5 exd5 10. Ne5 Nc6 11. Nxd5 Nxd5 12. Bxd5 Qc7 13. Nf3 Bf6 14. Bf4 Qc8
15. Qd2 Nd4 16. Bxb7 Qxb7 17. Nxd4 Bxd4 18. e3 Bf6 19. Rad1 d5 20. Qxd5 Qa6 21.
e4 Rad8 22. Qf5 Bxb2 23. Bd6 Rfe8 24. Be7 g6 25. Rxd8 Rxd8 26. Qg4 Rd3 27. Qe2
Qa3 28. Qg4 h5 29. Qc8+ Kh7 30. Qe8 Rf3 31. Kg2 Qd3 32. Bg5 Bg7 33. Bf4 Qe2 34.
h4 Rc3 35. Qxf7 Qxe4+ 36. f3 Qxc4 37. Qxa7 Rc2+ 38. Rf2 Rxf2+ 39. Kxf2 Qd4+ 40.
Be3 Qb2+ 41. Kf1 Qb1+ 42. Kf2 c4 43. Bd4 Qc2+ 44. Ke1 Qb1+ 45. Kf2 Qc2+ 1/2-1/2

[Event "SVK Extraliga 2018/2019"]
[Site "?"]
[Date "2018.12.08"]
[Round "3.1"]
[White "Vajda, Levente"]
[Black "Balogh, Csaba"]
[Result "0-1"]
[WhiteElo "2551"]
[BlackElo "2628"]
[PlyCount "44"]
[EventDate "2018.??.??"]

1. Nf3 d5 2. g3 Bg4 3. Bg2 c6 4. O-O e6 5. d3 Nd7 6. c4 Ngf6 7. Nc3 dxc4 8.
dxc4 Qa5 9. h3 Bxf3 10. Bxf3 Ne5 11. Qc2 Nxc4 12. Ne4 Ne5 13. Nxf6+ gxf6 14.
Be3 Be7 15. Bd4 Nxf3+ 16. exf3 O-O-O 17. Be3 Rd5 18. a3 f5 19. b4 Qc7 20. a4
Rg8 21. Bxa7 Bxb4 22. Kh1 b6 0-1

[Event "SVK Extraliga 2018/2019"]
[Site "?"]
[Date "2018.12.08"]
[Round "3.2"]
[White "Michalik, Peter"]
[Black "Petenyi, Tamas"]
[Result "1-0"]
[WhiteElo "2564"]
[BlackElo "2428"]
[PlyCount "65"]
[EventDate "2018.??.??"]

1. e4 c5 2. Nf3 e6 3. d4 cxd4 4. Nxd4 Nf6 5. Nc3 d6 6. g4 a6 7. g5 Nfd7 8. Bg2
Be7 9. h4 Nc6 10. Be3 Nxd4 11. Qxd4 O-O 12. O-O-O Rb8 13. h5 Bxg5 14. f4 e5 15.
Qxd6 exf4 16. Bxf4 Bxf4+ 17. Qxf4 Qf6 18. Qe3 Nb6 19. h6 Nc4 20. Qg3 Qe5 21.
Qh4 g5 22. Qf2 Be6 23. Bf1 Rbc8 24. Rg1 f6 25. Bxc4 Rxc4 26. Qb6 Bf7 27. Rgf1
Rc6 28. Qxb7 Rxc3 29. bxc3 Qxc3 30. Rd2 Qg3 31. Qe7 Qh3 32. Qxf6 Qa3+ 33. Qb2
1-0

[Event "SVK Extraliga 2018/2019"]
[Site "?"]
[Date "2018.12.08"]
[Round "3.3"]
[White "Nemeth, Miklos"]
[Black "Plat, Vojtech"]
[Result "1/2-1/2"]
[WhiteElo "2483"]
[BlackElo "2550"]
[PlyCount "32"]
[EventDate "2018.??.??"]

1. e4 d6 2. d4 Nf6 3. Nc3 e5 4. Nf3 Nbd7 5. Bc4 Be7 6. O-O O-O 7. Re1 c6 8. a4
a5 9. h3 Nb6 10. Bf1 Nfd7 11. Be3 exd4 12. Nxd4 Nc5 13. Qf3 Bg5 14. b3 Re8 15.
Rad1 Qf6 16. Qg3 Bxe3 1/2-1/2

[Event "SVK Extraliga 2018/2019"]
[Site "?"]
[Date "2018.12.08"]
[Round "3.4"]
[White "Rigo, Zsolt"]
[Black "Bokros, Albert"]
[Result "0-1"]
[WhiteElo "2395"]
[BlackElo "2454"]
[PlyCount "52"]
[EventDate "2018.??.??"]

1. e4 c5 2. Nf3 Nc6 3. d4 cxd4 4. Nxd4 Qb6 5. Nb3 Nf6 6. Nc3 e6 7. a3 a6 8. Bf4
d5 9. exd5 Nxd5 10. Nxd5 exd5 11. Qxd5 Be6 12. Qe4 Be7 13. Bc4 Bxc4 14. Qxc4
O-O 15. O-O Rac8 16. Be3 Qc7 17. c3 b5 18. Qf4 Bd6 19. Qh4 Ne5 20. Nd2 f5 21.
Bd4 Nd3 22. b4 Rce8 23. a4 Re6 24. Qh3 Rh6 25. Qxd3 Bxh2+ 26. Kh1 Bg1+ 0-1

[Event "SVK Extraliga 2018/2019"]
[Site "?"]
[Date "2018.12.08"]
[Round "3.5"]
[White "Varga, Zoltan"]
[Black "Stohl, Igor"]
[Result "1/2-1/2"]
[WhiteElo "2440"]
[BlackElo "2488"]
[PlyCount "27"]
[EventDate "2018.??.??"]

1. e4 e5 2. Nf3 Nf6 3. Nxe5 d6 4. Nf3 Nxe4 5. Qe2 Qe7 6. d3 Nf6 7. Bg5 Qxe2+ 8.
Bxe2 Be7 9. Nc3 c6 10. O-O-O Na6 11. d4 Nc7 12. h3 h6 13. Bd2 Be6 14. Bd3
1/2-1/2

[Event "SVK Extraliga 2018/2019"]
[Site "?"]
[Date "2018.12.08"]
[Round "3.6"]
[White "Maslik, Miroslav"]
[Black "Bagi, Mate"]
[Result "1/2-1/2"]
[WhiteElo "2356"]
[BlackElo "2453"]
[PlyCount "36"]
[EventDate "2018.??.??"]

1. Nf3 Nf6 2. g3 g6 3. Bg2 Bg7 4. O-O d5 5. d4 O-O 6. c4 dxc4 7. Na3 Nc6 8.
Nxc4 Be6 9. b3 Bd5 10. Bb2 a5 11. Rc1 a4 12. bxa4 Ra6 13. a3 Qa8 14. a5 Rd8 15.
Qc2 Be4 16. Qb3 Bd5 17. Qc2 Be4 18. Qb3 Bd5 1/2-1/2

[Event "SVK Extraliga 2018/2019"]
[Site "?"]
[Date "2018.12.08"]
[Round "3.7"]
[White "Csonka, Attila"]
[Black "Banas, Kamil"]
[Result "1-0"]
[WhiteElo "2352"]
[BlackElo "2248"]
[PlyCount "53"]
[EventDate "2018.??.??"]

1. e4 c6 2. d4 d5 3. Nc3 dxe4 4. Nxe4 Bf5 5. Ng3 Bg6 6. h4 h6 7. Nh3 e6 8. Nf4
Bh7 9. Bc4 Nf6 10. O-O Bd6 11. c3 Qc7 12. Ngh5 Nxh5 13. Nxh5 O-O 14. Qg4 Bg6
15. Nxg7 Kxg7 16. h5 Nd7 17. hxg6 fxg6 18. Qxe6 Nf6 19. Qh3 Nh5 20. Be3 Nf4 21.
Bxf4 Rxf4 22. Rae1 Rf5 23. Re6 Raf8 24. Bd3 Rg5 25. Rfe1 Rf4 26. R1e4 Rf8 27.
Rg4 1-0

[Event "SVK Extraliga 2018/2019"]
[Site "?"]
[Date "2018.12.08"]
[Round "3.8"]
[White "Federic, Jozef"]
[Black "Takacs, Laszlo"]
[Result "1/2-1/2"]
[WhiteElo "2207"]
[BlackElo "2308"]
[PlyCount "176"]
[EventDate "2018.??.??"]

1. d4 Nf6 2. Nf3 e6 3. e3 d5 4. Be2 Nbd7 5. O-O Bd6 6. Nbd2 e5 7. dxe5 Nxe5 8.
c4 O-O 9. cxd5 Nxd5 10. Nxe5 Bxe5 11. Nc4 Bf6 12. e4 Nb6 13. e5 Qxd1 14. Rxd1
Be7 15. Nxb6 axb6 16. Be3 Ra5 17. f4 Be6 18. a3 Bc5 19. Bxc5 Rxc5 20. Rd2 g5
21. g3 gxf4 22. gxf4 f6 23. exf6 Rxf6 24. Rf1 Kf7 25. Bd3 Bc4 26. Bxc4+ Rxc4
27. Kg2 Kg6 28. Kg3 b5 29. Rf3 b4 30. b3 Re4 31. a4 Rc6 32. Rd5 Rc2 33. Rb5 b6
34. Rg5+ Kf6 35. Rh5 Re7 36. f5 Rc3 37. Kf4 Rd7 38. Rxc3 bxc3 39. Rh6+ Kg7 40.
Rc6 h6 41. Rxc3 c5 42. Rg3+ Kf7 43. Rg6 Rd4+ 44. Ke5 Rb4 45. Rxh6 Rxb3 46. Rh7+
Kg8 47. Rb7 Rb4 48. Kf6 Rxa4 49. Rb8+ Kh7 50. Rxb6 Rh4 51. Ke7 c4 52. Rc6 Re4+
53. Kf7 Rf4 54. f6 Kh6 55. h3 Kh7 56. Kf8 c3 57. f7 Rf3 58. h4 Re3 59. Rc5 Rf3
60. Rh5+ Kg6 61. Rg5+ Kh7 62. Rg7+ Kh8 63. Rg2 Re3 64. h5 Re4 65. Rg6 Kh7 66.
Rc6 Re3 67. Rc7 Kh8 68. Re7 c2 69. Rc7 Re2 70. Rc3 Kh7 71. Rc6 Rf2 72. h6 Re2
73. Rc3 Rf2 74. Rc6 Re2 75. Rc7 Kh8 76. h7 Kxh7 77. Rc3 Rf2 78. Rh3+ Kg6 79.
Rg3+ Kf5 80. Kg8 Ke4 81. Rc3 Rg2+ 82. Kh7 Rh2+ 83. Kg7 Rg2+ 84. Kf6 Kd4 85.
Rxc2 Rxc2 86. f8=Q Rf2+ 87. Ke7 Rxf8 88. Kxf8 Ke5 1/2-1/2

[Event "SVK Extraliga 2018/2019"]
[Site "?"]
[Date "2018.12.08"]
[Round "3.1"]
[White "Cernousek, Lukas"]
[Black "Mazur, Stefan"]
[Result "1/2-1/2"]
[WhiteElo "2426"]
[BlackElo "2411"]
[PlyCount "58"]
[EventDate "2018.??.??"]

1. d4 Nf6 2. c4 g6 3. g3 Bg7 4. Bg2 O-O 5. Nf3 d6 6. O-O Nbd7 7. Nc3 c6 8. e4
e5 9. h3 Re8 10. Be3 b6 11. Re1 Qc7 12. Qc2 Bb7 13. Rad1 exd4 14. Nxd4 a6 15.
g4 Nc5 16. Nde2 Rad8 17. Ng3 b5 18. b4 Ne6 19. cxb5 cxb5 20. Rc1 d5 21. exd5
Nxd5 22. Nxd5 Qxc2 23. Rxc2 Bxd5 24. Bb6 Nf4 25. Rd1 Nxg2 26. Bxd8 Rxd8 27.
Rxd5 Rxd5 28. Kxg2 Rd4 29. Rc6 Rxb4 1/2-1/2

[Event "SVK Extraliga 2018/2019"]
[Site "?"]
[Date "2018.12.08"]
[Round "3.2"]
[White "Neuman, Petr"]
[Black "Ponizil, Cyril"]
[Result "1/2-1/2"]
[WhiteElo "2432"]
[BlackElo "2491"]
[PlyCount "84"]
[EventDate "2018.??.??"]

1. c4 Nf6 2. g3 g6 3. Bg2 Bg7 4. Nc3 O-O 5. d4 d6 6. Nf3 Nc6 7. O-O a6 8. b3
Rb8 9. Nd5 Bd7 10. Bb2 b5 11. Nxf6+ Bxf6 12. Rc1 bxc4 13. Rxc4 a5 14. Qd2 Nb4
15. Ba1 Bb5 16. Rcc1 e6 17. Rfe1 c5 18. a3 Na6 19. Bc3 a4 20. bxa4 Bxa4 21.
dxc5 Bxc3 22. Rxc3 Nxc5 23. Rc4 Qe7 24. Ng5 d5 25. Rh4 h5 26. Nf3 Ne4 27. Qh6
Be8 28. Ne5 Nd6 29. e4 dxe4 30. Bxe4 Nxe4 31. Rhxe4 Qxa3 32. g4 Qh3 33. R4e3
Qh4 34. Rg3 Rb4 35. Nf3 Qf6 36. gxh5 Rb3 37. Ne5 Rxg3+ 38. hxg3 Qg7 39. Qxg7+
Kxg7 40. hxg6 f6 41. Nf3 e5 42. Nh4 Bxg6 1/2-1/2

[Event "SVK Extraliga 2018/2019"]
[Site "?"]
[Date "2018.12.08"]
[Round "3.3"]
[White "Roubalik, Jakub"]
[Black "Hrabusa, Matej"]
[Result "1-0"]
[WhiteElo "2410"]
[BlackElo "2404"]
[PlyCount "203"]
[EventDate "2018.??.??"]

1. d4 d5 2. c4 e6 3. Nc3 Bb4 4. Nf3 Nf6 5. Bg5 h6 6. Bxf6 Qxf6 7. Qa4+ Nc6 8.
e3 O-O 9. Be2 dxc4 10. O-O Qe7 11. a3 Bd6 12. Qxc4 Bd7 13. b4 Rfe8 14. Ne4 a6
15. Rfc1 e5 16. d5 Na7 17. Nxd6 cxd6 18. Qb3 Rec8 19. Nd2 Rxc1+ 20. Rxc1 Rc8
21. Rxc8+ Nxc8 22. Qc3 Qd8 23. Nb3 Nb6 24. Na5 Qc8 25. Qd2 Qc7 26. h3 Bf5 27.
Bd3 Bc8 28. Bf1 Kf8 29. Kh2 Na4 30. Bc4 Nb6 31. Bb3 Bf5 32. f4 Qe7 33. e4 Bc8
34. Qe3 Nd7 35. Qc3 Qd8 36. f5 Nf6 37. Bc2 Ne8 38. Ba4 Qc7 39. Qxc7 Nxc7 40.
Nc4 b5 41. Nxd6 bxa4 42. Nxc8 Nb5 43. Nb6 Nxa3 44. Nxa4 Nc2 45. Nc5 Nxb4 46.
Nd7+ Ke7 47. Nxe5 a5 48. Nc4 a4 49. d6+ Kd7 50. e5 Nc6 51. Nb6+ Kd8 52. Nxa4
Nxe5 53. Nb6 f6 54. Nd5 Nf7 55. Nf4 Nxd6 56. Ne6+ Ke7 57. Nxg7 Kf7 58. Nh5 Nxf5
59. Nf4 Ke7 60. Kg1 Kd6 61. Kf2 Ke5 62. Nd3+ Ke4 63. Nc5+ Kd5 64. Nd7 Ke6 65.
Nb6 Nd6 66. Kf3 Kf5 67. Nd5 Ke6 68. Ne3 Kf7 69. Kf4 Kg6 70. g3 Nf7 71. Nd5 Ne5
72. Ne7+ Kf7 73. Nf5 Kg6 74. Ne7+ Kf7 75. Nf5 Kg6 76. Nh4+ Kf7 77. Nf3 Nd3+ 78.
Kf5 Nf2 79. h4 Nh1 80. Kf4 Nf2 81. Nd4 Nd3+ 82. Kg4 Kg6 83. h5+ Kg7 84. Kf5 Kf7
85. Ke4 Nf2+ 86. Kf3 Nd3 87. Nf5 Ne5+ 88. Ke4 Kg8 89. Nxh6+ Kh7 90. Nf5 Nf7 91.
Kd5 Ng5 92. Kd6 Ne4+ 93. Ke6 Kg8 94. Ke7 Kh7 95. Kf7 Kh8 96. Kg6 Kg8 97. Nh6+
Kf8 98. Nf7 Nxg3 99. h6 Nf5 100. h7 Ne7+ 101. Kxf6 Ng8+ 102. Ke6 1-0

[Event "SVK Extraliga 2018/2019"]
[Site "?"]
[Date "2018.12.08"]
[Round "3.4"]
[White "Rojicek, Vojtech"]
[Black "Motuz, Karol"]
[Result "1/2-1/2"]
[WhiteElo "2389"]
[BlackElo "2355"]
[PlyCount "40"]
[EventDate "2018.??.??"]

1. c4 Nf6 2. g3 e6 3. Bg2 d5 4. Nf3 dxc4 5. Qa4+ Nbd7 6. Qxc4 a6 7. Qc2 c5 8.
O-O b5 9. a4 Bb7 10. axb5 axb5 11. Rxa8 Qxa8 12. Na3 Bc6 13. d3 Be7 14. Bd2 O-O
15. Rc1 Rc8 16. Ne1 Nd5 17. Qb3 Qb7 18. Nc4 bxc4 19. Qxb7 Bxb7 20. dxc4 Rb8
1/2-1/2

[Event "SVK Extraliga 2018/2019"]
[Site "?"]
[Date "2018.12.08"]
[Round "3.6"]
[White "Haring, Filip"]
[Black "Zpevak, Pavel"]
[Result "1-0"]
[WhiteElo "2289"]
[BlackElo "2345"]
[PlyCount "73"]
[EventDate "2018.??.??"]

1. e4 c5 2. Nf3 e6 3. d4 cxd4 4. Nxd4 Nc6 5. Nc3 Qc7 6. Be3 a6 7. Qf3 Nf6 8.
O-O-O d6 9. Nxc6 bxc6 10. g4 h5 11. g5 Ng4 12. g6 fxg6 13. h3 Nxe3 14. fxe3 Qf7
15. Qg2 e5 16. Be2 Be7 17. Rhf1 Qe6 18. b3 g5 19. Bc4 Qxh3 20. Bf7+ Kd8 21. Qd2
Qd7 22. Na4 Qc7 23. c4 Bg4 24. c5 Bxd1 25. Rxd1 Rb8 26. Qc3 Rb5 27. Qxe5 Kc8
28. Qe6+ Qd7 29. Qc4 Kc7 30. Be6 Qd8 31. Qd4 Kb8 32. cxd6 Qxd6 33. Qxg7 Qa3+
34. Kb1 Rf8 35. Nc3 Rf2 36. Qh8+ Bf8 37. Rd8+ 1-0

[Event "SVK Extraliga 2018/2019"]
[Site "?"]
[Date "2018.12.08"]
[Round "3.1"]
[White "Piorun, Kacper"]
[Black "Pechac, Jergus"]
[Result "1/2-1/2"]
[WhiteElo "2634"]
[BlackElo "2470"]
[PlyCount "59"]
[EventDate "2018.??.??"]

1. c4 e5 2. g3 Nf6 3. Bg2 c6 4. d4 Bb4+ 5. Bd2 Bxd2+ 6. Qxd2 d6 7. e4 O-O 8.
Ne2 exd4 9. Qxd4 Re8 10. Nbc3 d5 11. O-O-O Qa5 12. exd5 cxd5 13. cxd5 Na6 14.
Rhe1 Bf5 15. Nf4 Rxe1 16. Rxe1 Nb4 17. Re5 Nxa2+ 18. Kd2 Nxc3 19. Qxc3 Qxc3+
20. bxc3 g6 21. Re7 a5 22. Rxb7 a4 23. Nd3 a3 24. Rb1 Be4 25. Bxe4 Nxe4+ 26.
Kc2 Rc8 27. Rb3 Ra8 28. Rb1 Rc8 29. Rb3 Ra8 30. Rb1 1/2-1/2

[Event "SVK Extraliga 2018/2019"]
[Site "?"]
[Date "2018.12.08"]
[Round "3.2"]
[White "Repka, Christopher"]
[Black "Socko, Bartosz"]
[Result "0-1"]
[WhiteElo "2499"]
[BlackElo "2611"]
[PlyCount "100"]
[EventDate "2018.??.??"]

1. Nf3 Nf6 2. g3 d5 3. Bg2 Bg4 4. h3 Bxf3 5. Bxf3 c6 6. d3 Nbd7 7. O-O g6 8. e4
Bg7 9. Qe2 e5 10. exd5 Nxd5 11. Nc3 Nxc3 12. bxc3 O-O 13. Rb1 Qc7 14. Re1 Rfe8
15. Be3 f5 16. Qd2 Rad8 17. Bg5 Bf6 18. Bg2 Bxg5 19. Qxg5 Kg7 20. Qc1 Nf6 21.
Qb2 b6 22. Re2 Re7 23. Rbe1 Rde8 24. a4 c5 25. c4 Qd6 26. a5 bxa5 27. Qc3 a4
28. Qa5 h5 29. h4 e4 30. dxe4 fxe4 31. Qxa4 Qd4 32. Qb3 Ng4 33. c3 Qf6 34. Qb5
e3 35. f3 Ne5 36. f4 Nd3 37. Rd1 Qxc3 38. Qb1 Nf2 39. Rd6 Ne4 40. Rd3 Nxg3 41.
Rxc3 Nxe2+ 42. Kf1 Nxc3 43. Qa1 e2+ 44. Ke1 Re3 45. Qxa7+ Kh6 46. Qd7 Rb8 47.
Bb7 Rxb7 48. Qxb7 Rd3 49. Qb5 Rd1+ 50. Kf2 e1=Q+ 0-1

[Event "SVK Extraliga 2018/2019"]
[Site "?"]
[Date "2018.12.08"]
[Round "3.3"]
[White "Miton, Kamil"]
[Black "Kociscak, Jiri"]
[Result "1/2-1/2"]
[WhiteElo "2588"]
[BlackElo "2484"]
[PlyCount "63"]
[EventDate "2018.??.??"]

1. e4 e5 2. Nf3 Nc6 3. Nc3 Nf6 4. Bb5 Bd6 5. d3 O-O 6. O-O h6 7. a3 Re8 8. Be3
Bf8 9. Nd5 d6 10. c4 Nd7 11. b4 Ne7 12. Ba4 Ng6 13. Nc3 c6 14. h3 Nf6 15. b5
Bd7 16. bxc6 bxc6 17. c5 Qa5 18. Rc1 d5 19. exd5 cxd5 20. Bxd7 Nxd7 21. d4 exd4
22. Nxd4 Rac8 23. Nxd5 Nxc5 24. Qg4 Qa4 25. Nf5 Qxg4 26. hxg4 Red8 27. Rfd1 Ne6
28. Rxc8 Rxc8 29. Bxa7 Bxa3 30. Be3 Rc2 31. Ra1 Bc5 32. Rc1 1/2-1/2

[Event "SVK Extraliga 2018/2019"]
[Site "?"]
[Date "2018.12.08"]
[Round "3.4"]
[White "Petrik, Tomas"]
[Black "Antoniewski, Rafal"]
[Result "1/2-1/2"]
[WhiteElo "2466"]
[BlackElo "2517"]
[PlyCount "47"]
[EventDate "2018.??.??"]

1. e4 e5 2. Nf3 Nf6 3. Nxe5 d6 4. Nf3 Nxe4 5. Nc3 Nxc3 6. dxc3 Be7 7. Be3 O-O
8. Qd2 Re8 9. O-O-O Nd7 10. Kb1 Nf6 11. h3 Bd7 12. Bd3 c5 13. Bg5 Bc6 14. Qf4
h6 15. Bxf6 Bxf6 16. Rhe1 Rxe1 17. Rxe1 Qd7 18. a3 Rd8 19. Bf5 Qc7 20. Bd3 Qd7
21. Bf5 Qc7 22. Bd3 Qd7 23. Bf5 Qc7 24. Ka1 1/2-1/2

[Event "SVK Extraliga 2018/2019"]
[Site "?"]
[Date "2018.12.08"]
[Round "3.6"]
[White "Nayhebaver, Martin"]
[Black "Tazbir, Marcin"]
[Result "1/2-1/2"]
[WhiteElo "2460"]
[BlackElo "2532"]
[PlyCount "78"]
[EventDate "2018.??.??"]

1. e4 e5 2. Nf3 Nc6 3. Bb5 Nf6 4. d3 d6 5. O-O Be7 6. c3 O-O 7. h3 a6 8. Ba4 b5
9. Bc2 Re8 10. Re1 Bf8 11. a4 Bb7 12. Nbd2 Ne7 13. d4 Ng6 14. Bd3 Qd7 15. d5 c6
16. c4 Nf4 17. Bf1 bxc4 18. Nxc4 cxd5 19. Nb6 Qd8 20. Nxa8 dxe4 21. Nd4 Qxa8
22. Bxf4 exf4 23. b4 d5 24. Rb1 g5 25. a5 Bd6 26. b5 Be5 27. Qa4 h5 28. bxa6
Bxa6 29. Bxa6 Qxa6 30. Rb6 Qc8 31. Nc6 Bc3 32. Rc1 e3 33. fxe3 fxe3 34. Qa3 Ne4
35. Rxc3 Qf5 36. Rxe3 Qf2+ 37. Kh2 Qf4+ 38. Kg1 Qf2+ 39. Kh2 Qf4+ 1/2-1/2

[Event "SVK Extraliga 2018/2019"]
[Site "?"]
[Date "2018.12.09"]
[Round "4.1"]
[White "Krejci, Jan"]
[Black "Sipos, Istvan"]
[Result "1/2-1/2"]
[WhiteElo "2562"]
[BlackElo "2492"]
[PlyCount "65"]
[EventDate "2018.??.??"]

1. d4 Nf6 2. c4 e6 3. Nc3 d5 4. cxd5 Nxd5 5. e4 Nxc3 6. bxc3 c5 7. a3 Be7 8.
Nf3 O-O 9. Bd3 b6 10. Qe2 Bb7 11. O-O Qc8 12. a4 Ba6 13. Bb5 Bxb5 14. axb5 a5
15. Ne5 Bf6 16. f4 Nd7 17. Nc6 Nb8 18. Ne5 Nd7 19. Be3 Bxe5 20. fxe5 cxd4 21.
cxd4 f6 22. Rac1 Qe8 23. Rc6 fxe5 24. Rxf8+ Qxf8 25. Qa2 Qf7 26. dxe5 Re8 27.
h3 Qg6 28. Kh1 h6 29. Bd4 Kh7 30. Rc7 Nc5 31. Bxc5 bxc5 32. Qe2 Qg3 33. Rxc5
1/2-1/2

[Event "SVK Extraliga 2018/2019"]
[Site "?"]
[Date "2018.12.09"]
[Round "4.2"]
[White "Kourousis, Epaminondas"]
[Black "Zilka, Stepan"]
[Result "0-1"]
[WhiteElo "2392"]
[BlackElo "2528"]
[PlyCount "108"]
[EventDate "2018.??.??"]

1. d4 d5 2. c4 e6 3. Nf3 a6 4. Bg5 Be7 5. Bxe7 Qxe7 6. e3 Nf6 7. Nc3 O-O 8. Rc1
Nbd7 9. a3 h6 10. Qc2 dxc4 11. Bxc4 b5 12. Be2 c5 13. dxc5 Qxc5 14. O-O Bb7 15.
Rfd1 Rac8 16. Qd2 Ne5 17. Nd5 Qxd5 18. Qxd5 Nxd5 19. Nxe5 Nb6 20. Bf3 Bxf3 21.
gxf3 Na4 22. Rxc8 Rxc8 23. b3 Nc3 24. Rd6 a5 25. Rc6 Rxc6 26. Nxc6 a4 27. bxa4
bxa4 28. Ne5 Kf8 29. Kf1 Ke7 30. Nc4 Kf6 31. Ke1 Kg5 32. Kf1 Kh4 33. Kg2 g5 34.
Ne5 Nb5 35. Nd3 Nxa3 36. Nc5 Nc2 37. Nxa4 Ne1+ 38. Kf1 Nxf3 39. Kg2 Ne1+ 40.
Kf1 Nd3 41. Kg2 g4 42. Nc3 h5 43. Ne4 f5 44. Ng3 Kg5 45. Ne2 h4 46. Nc3 Kf6 47.
Nd1 Ne1+ 48. Kh1 h3 49. Nc3 Ke5 50. Kg1 Nf3+ 51. Kh1 Ng5 52. Kg1 Kd6 53. Kh1
Kc5 54. Ne2 Kc4 0-1

[Event "SVK Extraliga 2018/2019"]
[Site "?"]
[Date "2018.12.09"]
[Round "4.3"]
[White "Leniart, Arkadiusz"]
[Black "Jakab, Bela"]
[Result "1-0"]
[WhiteElo "2498"]
[BlackElo "2320"]
[PlyCount "79"]
[EventDate "2018.??.??"]

1. e4 e6 2. d4 d5 3. Nd2 c5 4. dxc5 Bxc5 5. Bd3 Nf6 6. Qe2 dxe4 7. Nxe4 Nxe4 8.
Bxe4 Qb6 9. Nf3 Bd7 10. O-O Bc6 11. Bd3 Nd7 12. c3 Bxf3 13. gxf3 Bd6 14. Rd1
Qc7 15. Kg2 Bxh2 16. Bb5 O-O-O 17. Rd4 Nb6 18. Rh4 Bd6 19. a4 g5 20. Re4 Kb8
21. a5 Nd5 22. a6 b6 23. Kf1 Bc5 24. f4 g4 25. Rc4 Qe7 26. Qxg4 Rhg8 27. Qf3 f5
28. b4 Bd6 29. Bd2 Qg7 30. Re1 Qg1+ 31. Ke2 Qg4 32. Rd4 h5 33. Bc6 Nc7 34. Bb7
e5 35. fxe5 Qxf3+ 36. Kxf3 Be7 37. e6 h4 38. Bf4 b5 39. Rd7 Rxd7 40. exd7 1-0

[Event "SVK Extraliga 2018/2019"]
[Site "?"]
[Date "2018.12.09"]
[Round "4.4"]
[White "Cibickova, Zuzana"]
[Black "Klekowski, Maciej"]
[Result "1/2-1/2"]
[WhiteElo "2243"]
[BlackElo "2499"]
[PlyCount "99"]
[EventDate "2018.??.??"]

1. Nf3 c5 2. c4 Nc6 3. Nc3 Nf6 4. g3 d5 5. cxd5 Nxd5 6. Bg2 Nc7 7. O-O e5 8. d3
Be7 9. Be3 Bd7 10. Rc1 Rc8 11. a3 O-O 12. Nd2 b6 13. Nc4 Ne6 14. Bxc6 Bxc6 15.
Nxe5 Ba8 16. f4 Bf6 17. Nf3 Nd4 18. Bxd4 Bxd4+ 19. Kg2 Be3 20. Rc2 Qd7 21. Qe1
c4 22. d4 Qxd4 23. Nd1 Rfe8 24. Nxe3 Rxe3 25. Rd2 Qe4 26. Qd1 Re8 27. Rf2 c3
28. bxc3 Rxc3 29. a4 h6 30. Rd8 Rxd8 31. Qxd8+ Kh7 32. Qd7 Rc2 33. Kg1 Bd5 34.
Qh3 Rc1+ 35. Kg2 Qb1 36. Qh5 Qe4 37. Qh3 Re1 38. Qg4 f5 39. Qh5 Rxe2 40. Kh3
Rxf2 41. Ng5+ Kg8 42. Nxe4 Bxe4 43. Qe8+ Kh7 44. Qf7 a6 45. a5 bxa5 46. g4 Rf3+
47. Kh4 Rxf4 48. Kh5 Rxg4 49. h4 Bf3 50. Qg8+ 1/2-1/2

[Event "SVK Extraliga 2018/2019"]
[Site "?"]
[Date "2018.12.09"]
[Round "4.5"]
[White "Druska, Juraj"]
[Black "Molnar, Erno"]
[Result "1/2-1/2"]
[WhiteElo "2443"]
[BlackElo "2252"]
[PlyCount "62"]
[EventDate "2018.??.??"]

1. d4 d5 2. c4 c6 3. Nf3 Nf6 4. Qb3 e6 5. Nc3 Bd6 6. Bg5 Nbd7 7. e3 O-O 8. Bd3
dxc4 9. Bxc4 b5 10. Be2 a6 11. O-O Qc7 12. Rac1 Bb7 13. Rfd1 Rac8 14. Bh4 c5
15. a4 c4 16. Qc2 b4 17. Nb1 Bd5 18. Nfd2 b3 19. Qc3 Nb6 20. Qa5 Bxh2+ 21. Kh1
Bd6 22. f3 Bg3 23. Bxg3 Qxg3 24. e4 Qf2 25. Qxb6 Nh5 26. Bf1 Rc6 27. Qxc6 Bxc6
28. Rxc4 Bd7 29. Kh2 f5 30. e5 f4 31. Bd3 g5 1/2-1/2

[Event "SVK Extraliga 2018/2019"]
[Site "?"]
[Date "2018.12.09"]
[Round "4.6"]
[White "Janko, Zoltan"]
[Black "Manik, Mikulas"]
[Result "0-1"]
[WhiteElo "2261"]
[BlackElo "2410"]
[PlyCount "60"]
[EventDate "2018.??.??"]

1. e4 c5 2. Nf3 d6 3. d4 cxd4 4. Nxd4 Nf6 5. Nc3 Nc6 6. Bc4 e6 7. Be3 a6 8. Bb3
Qc7 9. Qe2 Na5 10. g4 h6 11. O-O-O b5 12. g5 hxg5 13. Bxg5 Nxb3+ 14. axb3 Bb7
15. f4 b4 16. e5 dxe5 17. fxe5 Nd7 18. Nxe6 fxe6 19. Qg4 Nc5 20. Na4 Qc6 21.
Nxc5 Bxc5 22. Bf6 Rf8 23. Qxg7 Rf7 24. Qg8+ Bf8 25. Rhg1 Rc8 26. Rd2 Qe4 27.
Kb1 Bd5 28. Rd3 Rxc2 29. Kxc2 Qe2+ 30. Rd2 Be4+ 0-1

[Event "SVK Extraliga 2018/2019"]
[Site "?"]
[Date "2018.12.09"]
[Round "4.7"]
[White "Mikrut, Dariusz"]
[Black "Szegi, Tamas"]
[Result "1-0"]
[WhiteElo "2373"]
[BlackElo "2151"]
[PlyCount "73"]
[EventDate "2018.??.??"]

1. d4 Nf6 2. c4 g6 3. Nc3 d5 4. Nf3 Bg7 5. Bg5 Ne4 6. cxd5 Nxc3 7. bxc3 Qxd5 8.
e3 c5 9. Be2 Nc6 10. O-O O-O 11. Bh4 cxd4 12. cxd4 h6 13. Nd2 e5 14. Bc4 Qd7
15. d5 Na5 16. e4 f5 17. Be7 Nxc4 18. Bxf8 Nxd2 19. Bxg7 Nxf1 20. Bxe5 fxe4 21.
Kxf1 e3 22. Qd3 Qf5 23. Qxe3 Bd7 24. Kg1 Re8 25. Re1 a6 26. h3 Kh7 27. f3 Qc2
28. a3 Qc4 29. d6 Qd5 30. Kh2 a5 31. Qf4 Bf5 32. g4 Rf8 33. Bc3 Rc8 34. gxf5
Rxc3 35. fxg6+ Kxg6 36. Qg4+ Kf6 37. Qh4+ 1-0

[Event "SVK Extraliga 2018/2019"]
[Site "Podhajska"]
[Date "2018.12.09"]
[Round "4.1"]
[White "Babula, Vlastimil"]
[Black "Balog, Imre"]
[Result "1/2-1/2"]
[WhiteElo "2541"]
[BlackElo "2558"]
[PlyCount "87"]
[EventDate "2018.??.??"]

1. d4 g6 2. c4 Bg7 3. e4 d6 4. Nc3 Nd7 5. Nf3 e6 6. Bg5 Ne7 7. Qd2 h6 8. Be3 g5
9. h4 g4 10. Nh2 h5 11. Be2 Nc6 12. g3 e5 13. d5 Nd4 14. f3 Nxe2 15. Qxe2 gxf3
16. Qxf3 a6 17. Bg5 f6 18. Be3 Nc5 19. O-O-O Qd7 20. Bxc5 dxc5 21. d6 cxd6 22.
Nd5 Qd8 23. g4 Be6 24. gxh5 Bxd5 25. Rxd5 Qd7 26. Kb1 O-O-O 27. Nf1 f5 28. Ng3
fxe4 29. Nxe4 Bf8 30. Nxc5 Qh7+ 31. Ne4 Be7 32. c5 dxc5 33. Rxe5 Kb8 34. Ka1 c4
35. a3 Qg7 36. Rf5 Rd3 37. Qf4+ Ka8 38. Qe5 Qxe5 39. Rxe5 Bd8 40. Rg1 Bb6 41.
Nc5 Rh3 42. Rg6 Bxc5 43. Rxc5 Rxh4 44. h6 1/2-1/2